000
00304nam a22001217a 4500
040
_c
HS
082
_a
658
100
_a
KHIEV SOCHEAT (DBA)
245
_a
financial management
260
_a
សាកលវិទ្យាល័យវេស្ទើន
_b
KHIEV SOCHEAT
_c
2006
300
_a
38p.
942
_c
KB
999
_c
8885
_d
8885